LIBRARY & INFORMATION CENTRE, KCAET, TAVANUR

ONLINE PUBLIC ACCESS CATALOGUE (OPAC)

Economic development : Principles and paltrns / (Record no. 3317)

MARC details
000 -LEADER
fixed length control field 00454cam a2200169ua 4500
041 ## - LANGUAGE CODE
Language code of text/sound track or separate title eng
082 ## - DEWEY DECIMAL CLASSIFICATION NUMBER
Classification number 338.9
Item number WIL/EC
100 ## - MAIN ENTRY--AUTHOR NAME
Personal name William son , Harold F .
245 ## - TITLE STATEMENT
Title Economic development : Principles and paltrns /
250 ## - EDITION STATEMENT
Edition statement 1 /
260 ## - PUBLICATION, DISTRIBUTION, ETC. (IMPRINT)
Place of publication New Delhi :
Name of publisher Prentice Hall Inc ,
Year of publication 1964.
300 ## - PHYSICAL DESCRIPTION
Number of Pages 576 ; .
700 1# - ADDED ENTRY--PERSONAL NAME
Personal name Buttrick, John A .
942 ## - ADDED ENTRY ELEMENTS (KOHA)
Koha item type Books
Holdings
Withdrawn status Lost status Damaged status Home library Current library Date acquired Full call number Accession Number Koha item type
Withdrawn     KAUAET Sanskrit University 07/04/2012 338.9 10770 Books
free website counter